000 00691nam a2200229Ia 4500
003 OSt
005 20220925174505.0
006 a|||||r|||| 00| 0
007 ta
008 220923b |||||||| |||| 00| 0 eng d
037 _cGeneral Book
040 _aRTL
_cRTL
_beng
041 _2eng
_aeng
082 _aX9(J94).262.N67<N57r, K7
110 _aRAMNUGGER CANE & SUGAR COMPANY LIMITED
_9246859
245 0 _aReport & accounts,1957.
260 _aCalcutta
_bRamnugger Cane & Sugar Co.
_c1967
300 _a23p.
_ccm.
700 _aRAMNUGGER CANE & SUGAR COMPANY LIMITED
_9246860
942 _hX9(J94).262.N67<N57r, K7
_cGB
_2CC
999 _c491051
_d491051